000
00301nam a2200133Ia 4500
100
_a
Panakal/J.A
942
_c
BK
654
_a
Personal Management
245
_a
Readings in Personal Management
260
_b
Orient Longman
_a
Calcutta
_c
1972
082
_a
658.3
300
_a
399
546
_a
ENGLISH
999
_c
29612
_d
29612